Most Streamed 2Pac Songs - Statistics

General Stats
  • This quiz has been taken 114 times
  • The average score is 8 of 20
Answer Stats
# Streams Answer % Correct
1 1,006,179,583 California Love
94%
3 871,625,798 Hit 'Em Up
84%
4 769,508,778 All Eyez On Me
80%
8 371,366,589 Dear Mama
78%
5 656,215,137 Changes
66%
2 888,505,043 Ambitionz Az A Ridah
56%
9 360,161,309 Keep Ya Head Up
50%
7 409,168,927 Hail Mary
41%
10 331,061,383 2 Of Amerikaz Most Wanted
39%
6 447,265,737 Do For Love
39%
13 260,602,281 How Do U Want It
31%
12 278,439,596 I Get Around
31%
15 210,616,951 Can't C Me
27%
11 297,188,599 Ghetto Gospel
19%
17 153,881,785 So Many Tears
19%
19 126,948,744 Life Goes On
16%
18 128,930,937 I Ain't Mad At Cha
14%
16 176,282,508 All About U
11%
14 232,447,226 Only God Can Judge Me
9%
20 119,549,023 Ratha Be Ya *****
0%
No matching quizzes found
Score Distribution
Percent of People with Each Score
Percentile by Number Answered
Your Score History
You have not taken this quiz